[Event "Titled Tuesday intern op 21st Jan Late"]
[Site "Chess.com INT"]
[Date "2025.01.21"]
[Round "2"]
[White "Radhakrishnan, Sharath"]
[Black "To, Nhat Minh"]
[Result "0-1"]
[WhiteElo "2021"]
[BlackElo "2299"]
[PlyCount "74"]
[EventDate "2025.01.21"]
[EventType "swiss (blitz)"]
[EventRounds "11"]
[EventCountry "USA"]
[SourceTitle "CB05_2025"]
[SourceDate "2025.01.29"]
[SourceVersion "1"]
[SourceVersionDate "2025.01.29"]
[SourceQuality "1"]

1. d4 Nf6 2. Bf4 g6 3. Nf3 Bg7 4. e3 0-0 5. Nbd2 d6 6. c3 Nh5 7. Bd3 Nxf4 8. exf4 c5 9. 0-0 cxd4 10. cxd4 Nc6 11. d5 Nb4 12. Bc4 Bf5 13. Qb3 Qb6 14. Rac1 Rfc8 15. Be2 Na6 16. Qxb6 axb6 17. Nc4 Rab8 18. b3 b5 19. Nb6 Rxc1 20. Rxc1 b4 21. Rc4 Bc3 22. Nd4 Bb1 23. Nb5 Bxa2 24. Nxc3 Bxb3 25. Ne4 Bxc4 26. Bxc4 Nc5 27. Nxc5 dxc5 28. Kf1 Rd8 29. Ke2 Rd6 30. Nc8 Rd7 31. Ke3 Kf8 32. Nb6 Rd6 33. Nc8 Rd8 34. Nb6 Rd6 35. Nc8 Rf6 36. g4 Ke8 37. g5 Rf5 0-1

[Event "North American-ch UNN"]
[Site "Dulles"]
[Date "2024.12.22"]
[Round "7"]
[White "Radhakrishnan, Sharath"]
[Black "Karthi, Jashith"]
[Result "1/2-1/2"]
[WhiteElo "2013"]
[BlackElo "2018"]
[PlyCount "65"]
[EventDate "2024.12.18"]
[EventType "swiss"]
[EventRounds "9"]
[EventCountry "USA"]
[SourceTitle "CB02_2025"]
[SourceDate "2025.01.08"]
[SourceVersion "1"]
[SourceVersionDate "2025.01.08"]
[SourceQuality "1"]

1. e4 c5 2. Nf3 e6 3. d4 cxd4 4. Nxd4 Nf6 5. Nc3 Nc6 6. Nxc6 bxc6 7. e5 Nd5 8. Ne4 Bb7 9. c4 Nb4 10. c5 Qb8 11. f4 Ba6 12. Be2 Bxe2 13. Qxe2 Nd5 14. Qc4 Qb4+ 15. Qxb4 Nxb4 16. Ke2 Nd5 17. Bd2 f5 18. exf6 gxf6 19. Rac1 f5 20. Nf2 Bg7 21. b4 Ke7 22. Nd3 h5 23. Rb1 Rab8 24. Rb3 Rb7 25. Rhb1 a6 26. Ra3 Ra8 27. Rab3 Bf6 28. Ne1 Rab8 29. Nc2 Nc7 30. Kf3 Nb5 31. Rd1 Nc7 32. Rdb1 Nb5 33. Rd1 1/2-1/2

[Event "North American-ch UNN"]
[Site "Dulles"]
[Date "2024.12.20"]
[Round "4"]
[White "Wang, Ted"]
[Black "Radhakrishnan, Sharath"]
[Result "1-0"]
[WhiteElo "2004"]
[BlackElo "2013"]
[PlyCount "153"]
[EventDate "2024.12.18"]
[EventType "swiss"]
[EventRounds "9"]
[EventCountry "USA"]
[SourceTitle "CB02_2025"]
[SourceDate "2025.01.08"]
[SourceVersion "1"]
[SourceVersionDate "2025.01.08"]
[SourceQuality "1"]

1. e4 e5 2. Nf3 Nc6 3. Bc4 Bc5 4. c3 Nf6 5. d3 d6 6. a4 a6 7. 0-0 0-0 8. Nbd2 Ba7 9. h3 h6 10. Re1 Be6 11. Bxe6 fxe6 12. b4 Nh5 13. Nf1 Qf6 14. Ra2 Ne7 15. Be3 Bxe3 16. Rxe3 Rad8 17. g3 Qg6 18. Nh4 Qf7 19. Nf3 Nf6 20. N1h2 Ng6 21. Kg2 d5 22. Qb3 dxe4 23. dxe4 Rd6 24. Ree2 Rfd8 25. Rad2 Rxd2 26. Rxd2 Rd6 27. Qc2 Qd7 28. Nf1 Qc6 29. Rxd6 cxd6 30. N1d2 Nf8 31. Qd3 N8d7 32. c4 a5 33. b5 Qb6 34. Nb3 Nc5 35. Nxc5 Qxc5 36. Nd2 b6 37. Kf3 Nd7 38. Ke2 Qb4 39. f4 Qc5 40. f5 Qc7 41. fxe6 Nc5 42. Qd5 Qe7 43. Qc6 Nxa4 44. Qc8+ Qf8 45. Qc7 h5 46. e7 Qe8 47. Qxd6 Kf7 48. Nf3 Qxe7 49. Nxe5+ Ke8 50. Qg6+ Kf8 51. Qxh5 Kg8 52. Qf5 Nc5 53. Ke3 Ne6 54. Nd3 a4 55. Qd5 a3 56. c5 bxc5 57. b6 Kh7 58. b7 Qe8 59. Qe5 a2 60. Nf4 Qb5 61. Qf5+ Kh8 62. Ng6+ Kg8 63. Qxe6+ Kh7 64. Nf8+ Kh8 65. Qxa2 Qxb7 66. Ng6+ Kh7 67. Ne5 Qb4 68. Qc4 Qe1+ 69. Kf4 g5+ 70. Kg4 Qd1+ 71. Nf3 Qd7+ 72. Kxg5 Qe7+ 73. Kf4 Qd6+ 74. e5 Qh6+ 75. Ke4 Qg6+ 76. Ke3 Qxg3 77. Qh4+ 1-0

[Event "North American-ch UNN"]
[Site "Dulles"]
[Date "2024.12.19"]
[Round "3"]
[White "Radhakrishnan, Sharath"]
[Black "Xia, Joshua"]
[Result "1-0"]
[WhiteElo "2013"]
[BlackElo "1994"]
[PlyCount "101"]
[EventDate "2024.12.18"]
[EventType "swiss"]
[EventRounds "9"]
[EventCountry "USA"]
[SourceTitle "CB02_2025"]
[SourceDate "2025.01.08"]
[SourceVersion "1"]
[SourceVersionDate "2025.01.08"]
[SourceQuality "1"]

1. e4 c5 2. Nf3 d6 3. d4 cxd4 4. Nxd4 Nf6 5. Nc3 a6 6. Be3 e5 7. Nb3 Be6 8. Qd2 Nbd7 9. f3 h5 10. Nd5 Bxd5 11. exd5 g6 12. 0-0-0 Bg7 13. Kb1 Qc7 14. c4 0-0 15. Bd3 a5 16. Qc2 a4 17. Nd2 Rfc8 18. Ne4 Qb8 19. Nxf6+ Nxf6 20. Qe2 b5 21. cxb5 a3 22. b6 axb2 23. Ba6 Rc3 24. b7 Rxa6 25. Qxa6 Rxe3 26. Qa8 Nd7 27. Rc1 bxc1Q+ 28. Rxc1 Kh7 29. Rc8 Re1+ 30. Kc2 Qxa8 31. bxa8Q Re2+ 32. Kd1 Rxg2 33. Qa7 Nf6 34. Qxf7 h4 35. Rd8 h3 36. Rxd6 Nh5 37. Re6 Nf4 38. Re7 Nh5 39. Rxe5 Kh6 40. Rxh5+ gxh5 41. Qe6+ Kg5 42. Qxh3 Rxa2 43. Qg3+ Kh6 44. Qf4+ Kg6 45. Qe4+ Kh6 46. Qe6+ Kh7 47. Qf5+ Kh6 48. d6 Ra1+ 49. Kc2 Ra2+ 50. Kb3 Rb2+ 51. Kc4 1-0

[Event "Titled Tuesday intern op 26th Nov Late"]
[Site "Chess.com INT"]
[Date "2024.11.26"]
[Round "2"]
[White "Minina, Veronika"]
[Black "Radhakrishnan, Sharath"]
[Result "0-1"]
[WhiteElo "2057"]
[BlackElo "2019"]
[PlyCount "82"]
[EventDate "2024.11.26"]
[EventType "swiss (blitz)"]
[EventRounds "11"]
[EventCountry "USA"]
[SourceTitle "CB49_2024"]
[SourceDate "2024.12.04"]
[SourceVersion "1"]
[SourceVersionDate "2024.12.04"]
[SourceQuality "1"]

1. Nf3 Nf6 2. g3 d5 3. Bg2 e6 4. c4 Be7 5. 0-0 0-0 6. d4 dxc4 7. Ne5 Nbd7 8. Nxc4 c5 9. Nc3 Nb6 10. Nxb6 axb6 11. dxc5 bxc5 12. Bf4 Qb6 13. Qc2 Bd7 14. b3 Bc6 15. e4 Rfd8 16. Be3 Ng4 17. Bf4 Bf6 18. a4 Qb4 19. Rac1 Bd4 20. h3 Nf6 21. Rfe1 b6 22. Bd2 c4 23. Nd5 Qxb3 24. Qxb3 cxb3 25. Ne7+ Kf8 26. Nxc6 b2 27. Nxd8 bxc1Q 28. Nxe6+ fxe6 29. Rxc1 Rxa4 30. g4 Bc5 31. g5 Nxe4 32. Be1 Nxg5 33. h4 Ne4 34. Bf3 Ke7 35. Kg2 Nf6 36. Rb1 Rxh4 37. Rb5 Nd5 38. Rb1 Ra4 39. Bd1 Ra3 40. Bd2 h5 41. Bxh5 Ra2 0-1

[Event "Titled Tuesday intern op 26th Nov Late"]
[Site "Chess.com INT"]
[Date "2024.11.26"]
[Round "7"]
[White "Radhakrishnan, Sharath"]
[Black "Ardila, Oscar Humberto"]
[Result "1-0"]
[WhiteElo "2019"]
[BlackElo "1973"]
[PlyCount "105"]
[EventDate "2024.11.26"]
[EventType "swiss (blitz)"]
[EventRounds "11"]
[EventCountry "USA"]
[SourceTitle "CB49_2024"]
[SourceDate "2024.12.04"]
[SourceVersion "1"]
[SourceVersionDate "2024.12.04"]
[SourceQuality "1"]

1. e4 e5 2. Nf3 Nf6 3. Nxe5 d6 4. Nf3 Nxe4 5. d4 Be7 6. Bd3 d5 7. 0-0 Nc6 8. c4 Nb4 9. Nc3 0-0 10. Nxe4 Nxd3 11. Qxd3 dxe4 12. Qxe4 Bf6 13. Bf4 Re8 14. Qd5 c6 15. Qxd8 Rxd8 16. Bc7 Re8 17. Be5 Be7 18. Rfe1 Be6 19. Rac1 f6 20. Bg3 Kf7 21. d5 Bg4 22. h3 Bxf3 23. gxf3 Bb4 24. Rxe8 Rxe8 25. a3 Bc5 26. b4 Bd4 27. Rd1 Bb2 28. dxc6 bxc6 29. a4 Re7 30. b5 cxb5 31. cxb5 Ke6 32. Re1+ Kd7 33. Rb1 Bc3 34. Rc1 Re1+ 35. Rxe1 Bxe1 36. Bb8 a6 37. bxa6 Kc6 38. a7 Kb7 39. Kg2 Bb4 40. f4 Bc5 41. Kf3 Bxa7 42. Bxa7 Kxa7 43. Ke4 Ka6 44. Kf5 Ka5 45. Ke6 Kxa4 46. Kf7 g5 47. f5 h5 48. Kxf6 g4 49. h4 Kb4 50. Kg5 Kc4 51. Kxh5 Kd4 52. f6 Ke5 53. f7 1-0

[Event "Titled Tuesday intern op 26th Nov Late"]
[Site "Chess.com INT"]
[Date "2024.11.26"]
[Round "1"]
[White "Radhakrishnan, Sharath"]
[Black "Garcia Garcia, Samuel"]
[Result "0-1"]
[WhiteElo "2019"]
[BlackElo "2109"]
[PlyCount "68"]
[EventDate "2024.11.26"]
[EventType "swiss (blitz)"]
[EventRounds "11"]
[EventCountry "USA"]
[SourceTitle "CB49_2024"]
[SourceDate "2024.12.04"]
[SourceVersion "1"]
[SourceVersionDate "2024.12.04"]
[SourceQuality "1"]

1. e4 c5 2. Nf3 d6 3. d4 cxd4 4. Nxd4 Nf6 5. Nc3 g6 6. Be3 Bg7 7. f3 Nc6 8. Qd2 0-0 9. 0-0-0 d5 10. exd5 Nxd5 11. Nxc6 bxc6 12. Bd4 Bxd4 13. Qxd4 Qb6 14. Na4 Qa5 15. Qc4 Be6 16. Qd4 Rab8 17. a3 Rfd8 18. Be2 Rd6 19. Qh4 Rb7 20. Rd4 c5 21. Rd2 Nb6 22. Rxd6 exd6 23. Nxb6 Qxb6 24. Qf6 d5 25. Rd1 d4 26. Bd3 Qxb2+ 27. Kd2 Qxa3 28. Qd8+ Kg7 29. Qd6 Qa5+ 30. Ke2 Qb6 31. Qe5+ Kg8 32. Ra1 c4 33. Be4 Rb8 34. h4 d3+ 0-1

[Event "Titled Tuesday intern op 26th Nov Late"]
[Site "Chess.com INT"]
[Date "2024.11.26"]
[Round "3"]
[White "Radhakrishnan, Sharath"]
[Black "Garg, Priyansh"]
[Result "1-0"]
[WhiteElo "2019"]
[BlackElo "2052"]
[PlyCount "91"]
[EventDate "2024.11.26"]
[EventType "swiss (blitz)"]
[EventRounds "11"]
[EventCountry "USA"]
[SourceTitle "CB49_2024"]
[SourceDate "2024.12.04"]
[SourceVersion "1"]
[SourceVersionDate "2024.12.04"]
[SourceQuality "1"]

1. e4 e5 2. Nf3 Nf6 3. Nxe5 d6 4. Nf3 Nxe4 5. d4 d5 6. Bd3 Nc6 7. 0-0 Be7 8. c4 Bg4 9. cxd5 Qxd5 10. Nc3 Nxc3 11. bxc3 Bxf3 12. Qxf3 Qxf3 13. gxf3 0-0-0 14. Rb1 Bd6 15. Bf5+ Kb8 16. Be4 Na5 17. Rb5 b6 18. Be3 g6 19. Bg5 Rde8 20. Rfb1 f5 21. Bd5 Nb7 22. Bf6 Rhf8 23. Bg7 Bf4 24. Bxf8 Rxf8 25. Bxb7 Kxb7 26. Re1 Bd2 27. Re7 Bxc3 28. Rxh7 Bxd4 29. Rd5 Bf6 30. Rdd7 Be5 31. Rhe7 Bf4 32. h4 Rh8 33. Rh7 Re8 34. Kg2 Re2 35. Rhg7 Rxa2 36. Rxg6 Be3 37. Rgg7 Rxf2+ 38. Kg3 f4+ 39. Kg4 Rg2+ 40. Kf5 Rxg7 41. Rxg7 a5 42. h5 a4 43. h6 a3 44. h7 Bd4 45. h8Q a2 46. Rxc7+ 1-0

[Event "Titled Tuesday intern op 24th Sep Late"]
[Site "Chess.com INT"]
[Date "2024.09.24"]
[Round "3"]
[White "Shapiro, Daniel E"]
[Black "Radhakrishnan, Sharath"]
[Result "0-1"]
[WhiteElo "2284"]
[BlackElo "2059"]
[PlyCount "92"]
[EventDate "2024.09.24"]
[EventType "swiss (blitz)"]
[EventRounds "11"]
[EventCountry "USA"]
[SourceTitle "EXT 2025"]
[Source "ChessBase"]
[SourceDate "2024.10.14"]
[SourceVersion "1"]
[SourceVersionDate "2024.10.14"]
[SourceQuality "1"]

1. d4 Nf6 2. c4 e6 3. g3 d5 4. Nf3 Be7 5. Bg2 0-0 6. 0-0 dxc4 7. Ne5 c5 8. dxc5 Bxc5 9. Nxc4 Nc6 10. b3 Bd4 11. Bb2 Bxb2 12. Nxb2 Qc7 13. Na3 Rd8 14. Qc2 Qe7 15. Bxc6 Qxa3 16. Nc4 Qc5 17. Bg2 Rb8 18. Rac1 Bd7 19. Ne3 Qa5 20. Rfd1 Rbc8 21. Qb2 Rxc1 22. Rxc1 Bc6 23. Bxc6 bxc6 24. Rxc6 Qe1+ 25. Kg2 Ne4 26. Ng4 h5 27. Qe5 Qxe2 28. Rc4 Qxg4 29. Qxe4 Qd1 30. Ra4 Qd7 31. Qe3 Qd5+ 32. Qf3 Qc5 33. h4 g6 34. Qe4 Rd5 35. Qf3 Rf5 36. Qe2 Re5 37. Qf3 Rd5 38. Qe2 Kg7 39. Qf3 Rd2 40. Rf4 Rd7 41. Ra4 e5 42. Qe4 Rd2 43. Qf3 Rc2 44. Ra6 Rd2 45. Qf6+ Kg8 46. Qd8+ Rxd8 0-1

[Event "Titled Tuesday intern op 17th Sep Late"]
[Site "Chess,com INT"]
[Date "2024.09.17"]
[Round "3"]
[White "Radhakrishnan, Sharath"]
[Black "Chassard, Cedric"]
[Result "1-0"]
[WhiteElo "2059"]
[BlackElo "2289"]
[PlyCount "115"]
[EventDate "2024.09.17"]
[EventType "swiss (blitz)"]
[EventRounds "11"]
[EventCountry "USA"]
[SourceTitle "EXT 2025"]
[Source "ChessBase"]
[SourceDate "2024.10.14"]
[SourceVersion "1"]
[SourceVersionDate "2024.10.14"]
[SourceQuality "1"]

1. d4 g6 2. Nf3 Bg7 3. e3 c5 4. c4 cxd4 5. exd4 d5 6. cxd5 Nf6 7. Nc3 Nxd5 8. Bc4 Nxc3 9. bxc3 Qc7 10. Qb3 0-0 11. 0-0 Nc6 12. Bd3 Bg4 13. Ng5 Rac8 14. h3 Na5 15. Qb1 Bd7 16. Ba3 Bc6 17. Bb4 b6 18. Re1 Rfe8 19. Bxa5 bxa5 20. Qb3 e6 21. Rac1 Bd5 22. c4 Bc6 23. d5 Ba8 24. dxe6 fxe6 25. Nxe6 Qc6 26. Nf4 Bh6 27. Nd5 Bg7 28. Qa3 Kh8 29. Qxa5 Rcd8 30. Qxa7 Rf8 31. Re7 Rxd5 32. Be4 Rd7 33. Bxc6 Rxa7 34. Rxa7 Bxc6 35. Rd1 Be4 36. Rdd7 Bc3 37. Rxh7+ Kg8 38. Rhe7 Bd3 39. Rad7 Bb1 40. c5 Rc8 41. Rc7 Rxc7 42. Rxc7 Bxa2 43. c6 Bd5 44. Rc8+ Kf7 45. c7 Be6 46. Rd8 Bf6 47. c8Q Bxc8 48. Rxc8 Ke6 49. Rc6+ Kf5 50. Rxf6+ Kxf6 51. Kh2 Kg5 52. Kg3 Kh5 53. f4 Kh6 54. Kg4 Kg7 55. Kg5 Kh7 56. g4 Kg7 57. h4 Kh7 58. h5 1-0

[Event "Titled Tuesday intern op 03rd Sep Late"]
[Site "Chess.com INT"]
[Date "2024.09.03"]
[Round "4"]
[White "Fernandez Guillen, Ernesto J"]
[Black "Radhakrishnan, Sharath"]
[Result "1-0"]
[WhiteElo "2463"]
[BlackElo "2059"]
[PlyCount "93"]
[EventDate "2024.09.03"]
[EventType "swiss (blitz)"]
[EventRounds "11"]
[EventCountry "USA"]
[SourceTitle "EXT 2025"]
[Source "ChessBase"]
[SourceDate "2024.10.14"]
[SourceVersion "1"]
[SourceVersionDate "2024.10.14"]
[SourceQuality "1"]

1. e4 e5 2. Nf3 Nc6 3. d4 exd4 4. Bc4 Nf6 5. 0-0 Nxe4 6. Re1 d5 7. Bxd5 Qxd5 8. Nc3 Qd7 9. Nxe4 Be7 10. Bg5 0-0 11. Bxe7 Qxe7 12. Nxd4 Nxd4 13. Qxd4 Bf5 14. Nc5 Qg5 15. h4 Qg6 16. Re7 b6 17. Nb3 c5 18. Qf4 Bxc2 19. Rae1 Bxb3 20. axb3 Qf6 21. Qc7 Qxb2 22. R1e3 Qf6 23. Rf3 Qg6 24. Qf4 Rae8 25. Rxa7 h6 26. Rg3 Qb1+ 27. Kh2 Re1 28. Rf3 Rh1+ 29. Kg3 Qg6+ 30. Qg4 Qxg4+ 31. Kxg4 Rd1 32. Rb7 Rd6 33. Kh3 Re6 34. g4 Rd6 35. h5 Re6 36. Kg3 Rd6 37. Kg2 Re6 38. Kh3 Rd6 39. Kg3 Re6 40. Rd3 Ra8 41. Rdd7 Rf6 42. f4 Ra3 43. Rd8+ Kh7 44. Rbb8 Rxb3+ 45. Kh4 g5+ 46. fxg5 hxg5+ 47. Kxg5 1-0

[Event "Titled Tuesday intern op 27th Aug Early"]
[Site "Chess.com INT"]
[Date "2024.08.27"]
[Round "1"]
[White "Bluebaum, Matthias"]
[Black "Radhakrishnan, Sharath"]
[Result "1-0"]
[WhiteElo "2640"]
[BlackElo "2059"]
[PlyCount "63"]
[EventDate "2024.08.27"]
[EventType "swiss (blitz)"]
[EventRounds "11"]
[EventCountry "USA"]
[SourceTitle "EXT 2025"]
[Source "ChessBase"]
[SourceDate "2024.10.14"]
[SourceVersion "1"]
[SourceVersionDate "2024.10.14"]
[SourceQuality "1"]

1. d4 Nf6 2. c4 e6 3. Nc3 Bb4 4. e3 0-0 5. Bd2 d5 6. Nf3 b6 7. cxd5 exd5 8. Rc1 Bb7 9. Bd3 Nbd7 10. 0-0 c5 11. a3 Bxc3 12. Bxc3 Re8 13. Ne5 Nxe5 14. dxe5 Ne4 15. f4 d4 16. Bxe4 Bxe4 17. exd4 cxd4 18. Qxd4 Qxd4+ 19. Bxd4 Rac8 20. Kf2 Red8 21. Bc3 h5 22. Rfd1 g6 23. h3 b5 24. g4 hxg4 25. hxg4 a6 26. Ke3 Bb7 27. f5 Rxd1 28. Rxd1 Rc4 29. Rd8+ Kh7 30. e6 Rc8 31. Rxc8 Bxc8 32. exf7 1-0

[Event "Titled Tuesday intern op 27th Aug Early"]
[Site "Chess.com INT"]
[Date "2024.08.27"]
[Round "7"]
[White "Campos Rosas, Manuel Asis"]
[Black "Radhakrishnan, Sharath"]
[Result "0-1"]
[WhiteElo "2155"]
[BlackElo "2059"]
[PlyCount "74"]
[EventDate "2024.08.27"]
[EventType "swiss (blitz)"]
[EventRounds "11"]
[EventCountry "USA"]
[SourceTitle "EXT 2025"]
[Source "ChessBase"]
[SourceDate "2024.10.14"]
[SourceVersion "1"]
[SourceVersionDate "2024.10.14"]
[SourceQuality "1"]

1. d4 Nf6 2. Nc3 d5 3. Bf4 e6 4. Nb5 Bb4+ 5. c3 Ba5 6. a4 a6 7. Na3 0-0 8. Nf3 Nbd7 9. e3 Ne4 10. Bd3 c5 11. 0-0 cxd4 12. exd4 Ndf6 13. Ne5 Bc7 14. Qc2 h6 15. f3 Nd6 16. Qf2 Nh5 17. Bd2 Qf6 18. Rae1 g5 19. h4 Nf4 20. Bc2 Nf5 21. Ng4 Qg7 22. hxg5 hxg5 23. Bxf5 exf5 24. Ne3 Nd3 25. Qe2 Nxe1 26. Rxe1 Be6 27. Nac2 Bf4 28. Qf2 Rfe8 29. g3 Bc7 30. Kg2 f4 31. Nf1 fxg3 32. Nxg3 Bxg3 33. Qxg3 Bf5 34. Ne3 Be6 35. Rh1 f5 36. Ng4 fxg4 37. Qd6 gxf3+ 0-1

[Event "Titled Tuesday intern op 27th Aug Late"]
[Site "Chess.com INT"]
[Date "2024.08.27"]
[Round "3"]
[White "Meszaros, Gyorgy"]
[Black "Radhakrishnan, Sharath"]
[Result "1-0"]
[WhiteElo "2200"]
[BlackElo "2059"]
[PlyCount "67"]
[EventDate "2024.08.27"]
[EventType "swiss (blitz)"]
[EventRounds "11"]
[EventCountry "USA"]
[SourceTitle "EXT 2025"]
[Source "ChessBase"]
[SourceDate "2024.10.14"]
[SourceVersion "1"]
[SourceVersionDate "2024.10.14"]
[SourceQuality "1"]

1. e4 e5 2. Nf3 Nc6 3. Bc4 Bc5 4. 0-0 Nf6 5. d3 0-0 6. Nc3 d6 7. h3 a6 8. a4 h6 9. Be3 Re8 10. Nd5 Be6 11. c3 Bxd5 12. Bxd5 Nxd5 13. exd5 Ne7 14. Qb3 Bxe3 15. fxe3 b6 16. e4 Qd7 17. a5 b5 18. c4 Rab8 19. cxb5 Qxb5 20. Qxb5 Rxb5 21. Rfc1 Rxb2 22. Rxc7 Ng6 23. Rc6 Nf4 24. Ne1 Reb8 25. Rxa6 Rb1 26. Rxb1 Rxb1 27. Kf2 Rb2+ 28. Kf1 Ra2 29. Rxd6 Rxa5 30. Rd8+ Kh7 31. d6 Ra1 32. d7 Ne6 33. Re8 Kg6 34. Rxe6+ 1-0

[Event "Titled Tuesday intern op 27th Aug Early"]
[Site "Chess.com INT"]
[Date "2024.08.27"]
[Round "4"]
[White "Radhakrishnan, Sharath"]
[Black "Lee, Jun Hyeok"]
[Result "0-1"]
[WhiteElo "2059"]
[BlackElo "2378"]
[PlyCount "120"]
[EventDate "2024.08.27"]
[EventType "swiss (blitz)"]
[EventRounds "11"]
[EventCountry "USA"]
[SourceTitle "EXT 2025"]
[Source "ChessBase"]
[SourceDate "2024.10.14"]
[SourceVersion "1"]
[SourceVersionDate "2024.10.14"]
[SourceQuality "1"]

1. e4 c5 2. Nf3 d6 3. d4 cxd4 4. Nxd4 Nf6 5. Nc3 a6 6. Be3 e5 7. Nb3 Be7 8. f3 Be6 9. Qd2 h5 10. Nd5 Nxd5 11. exd5 Bf5 12. Bd3 Bxd3 13. Qxd3 Nd7 14. c4 0-0 15. 0-0 Bg5 16. Rac1 b6 17. Nd2 Nc5 18. Bxc5 bxc5 19. Rcd1 Rb8 20. b3 f5 21. Nb1 h4 22. Nc3 Qf6 23. Qc2 Be3+ 24. Kh1 Rbe8 25. Rde1 Qg5 26. Qd3 Bd4 27. Ne2 Be3 28. Nc3 Bf4 29. Ne2 Bd2 30. Rd1 Be3 31. Nc3 Rf6 32. Rde1 Rg6 33. Re2 Bd4 34. f4 Qg4 35. h3 Qg3 36. Rf3 e4 37. Rxg3 Rxg3 38. Qd1 Bxc3 39. Rc2 Bd4 40. Qh5 g6 41. Qxh4 Rd3 42. Re2 Kg7 43. Qg5 Rd1+ 44. Kh2 Bf6 45. Qg3 g5 46. Re1 Rxe1 47. Qxe1 gxf4 48. Kg1 Bd4+ 49. Kf1 Rh8 50. Qe2 Rh6 51. Qd2 Be5 52. Qe2 Rg6 53. a3 Bd4 54. b4 f3 55. Qc2 Rxg2 56. Qxg2+ fxg2+ 57. Kxg2 cxb4 58. axb4 f4 59. b5 axb5 60. cxb5 f3+ 0-1

[Event "Titled Tuesday intern op 27th Aug Early"]
[Site "Chess.com INT"]
[Date "2024.08.27"]
[Round "9"]
[White "Radhakrishnan, Sharath"]
[Black "Pavlidou, Ekaterini"]
[Result "1-0"]
[WhiteElo "2059"]
[BlackElo "2146"]
[PlyCount "115"]
[EventDate "2024.08.27"]
[EventType "swiss (blitz)"]
[EventRounds "11"]
[EventCountry "USA"]
[SourceTitle "EXT 2025"]
[Source "ChessBase"]
[SourceDate "2024.10.14"]
[SourceVersion "1"]
[SourceVersionDate "2024.10.14"]
[SourceQuality "1"]

1. e4 c5 2. Nf3 e6 3. d4 cxd4 4. Nxd4 Nf6 5. Nc3 Nc6 6. Be3 Bb4 7. Qf3 d5 8. Nxc6 bxc6 9. exd5 cxd5 10. Bb5+ Bd7 11. Bxd7+ Qxd7 12. 0-0 Bxc3 13. bxc3 Rb8 14. Rab1 0-0 15. Bd4 Ne4 16. Qf4 Rbc8 17. Qe3 Rc7 18. f3 Nd6 19. Rfe1 Re8 20. Qg5 Nf5 21. Be5 Rc4 22. g4 h6 23. Qh5 Ne7 24. Bd4 Ng6 25. Re3 Nf4 26. Qe5 f6 27. Qxf4 e5 28. Qf5 Qxf5 29. gxf5 Ra8 30. Bxe5 fxe5 31. Rxe5 Rxc3 32. Rb7 Rxf3 33. Rxd5 Rf8 34. Rdd7 R8xf5 35. Rxg7+ Kf8 36. Rxa7 R3f4 37. Rg6 h5 38. Kg2 h4 39. Kh3 Rf2 40. Rb6 R5f3+ 41. Kg4 Rf4+ 42. Kg5 Rf5+ 43. Kg6 Kg8 44. Rb8+ Rf8 45. Rxf8+ Rxf8 46. h3 Rc8 47. a4 Rc6+ 48. Kg5 Rxc2 49. Kxh4 Rc5 50. a5 Rc4+ 51. Kg5 Rc5+ 52. Kf6 Rc6+ 53. Ke5 Rc3 54. a6 Rxh3 55. Ra8+ Kf7 56. a7 Re3+ 57. Kd4 Ra3 58. Rh8 1-0

[Event "Titled Tuesday intern op 20th Aug Late"]
[Site "Chess.com INT"]
[Date "2024.08.20"]
[Round "3"]
[White "Radhakrishnan, Sharath"]
[Black "Al Blooshi, Hamad Essa"]
[Result "1-0"]
[WhiteElo "2059"]
[BlackElo "2078"]
[PlyCount "107"]
[EventDate "2024.08.20"]
[EventType "swiss (blitz)"]
[EventRounds "11"]
[EventCountry "USA"]
[SourceTitle "EXT 2025"]
[Source "ChessBase"]
[SourceDate "2024.10.14"]
[SourceVersion "1"]
[SourceVersionDate "2024.10.14"]
[SourceQuality "1"]

1. e4 e5 2. Nf3 Nc6 3. Bb5 a6 4. Ba4 d6 5. 0-0 Bd7 6. d4 Nge7 7. Nc3 g6 8. Nd5 Bg7 9. Nxe7 Qxe7 10. dxe5 dxe5 11. Bg5 f6 12. Be3 0-0-0 13. Qe2 f5 14. exf5 gxf5 15. Bg5 Bf6 16. Bxf6 Qxf6 17. Bxc6 Bxc6 18. Qxe5 Qg6 19. Nh4 Qg4 20. Qxf5+ Qxf5 21. Nxf5 Rhe8 22. Rfe1 Rxe1+ 23. Rxe1 Be4 24. Ne3 Rd2 25. Rc1 Kd7 26. Rd1 Rxd1+ 27. Nxd1 Bxc2 28. Ne3 Bb1 29. a3 Kc6 30. f4 Kc5 31. f5 Kd4 32. f6 Bg6 33. Ng4 Kd5 34. Kf2 Ke6 35. Kf3 Bh5 36. Kf4 Bxg4 37. Kxg4 Kxf6 38. Kf4 c5 39. g4 b5 40. h4 a5 41. Ke4 Ke6 42. g5 b4 43. a4 Kd6 44. h5 c4 45. Kd4 c3 46. bxc3 bxc3 47. Kxc3 Ke6 48. Kc4 Kf5 49. g6 hxg6 50. hxg6 Kxg6 51. Kb5 Kf6 52. Kxa5 Ke6 53. Kb6 Kd7 54. Kb7 1-0

[Event "Titled Tuesday intern op 20th Aug Late"]
[Site "Chess.com INT"]
[Date "2024.08.20"]
[Round "1"]
[White "Radhakrishnan, Sharath"]
[Black "Mekhitarian, Krikor Sevag"]
[Result "1/2-1/2"]
[WhiteElo "2059"]
[BlackElo "2560"]
[PlyCount "204"]
[EventDate "2024.08.20"]
[EventType "swiss (blitz)"]
[EventRounds "11"]
[EventCountry "USA"]
[SourceTitle "EXT 2025"]
[Source "ChessBase"]
[SourceDate "2024.10.14"]
[SourceVersion "1"]
[SourceVersionDate "2024.10.14"]
[SourceQuality "1"]

1. e4 c5 2. Nf3 Nc6 3. Bb5 Nf6 4. d3 Qa5+ 5. Nc3 Nd4 6. Bc4 b5 7. Bb3 Nxb3 8. cxb3 b4 9. Ne2 e6 10. Be3 Be7 11. 0-0 0-0 12. Nd2 d5 13. exd5 Nxd5 14. Nc4 Qb5 15. d4 Bb7 16. dxc5 Nxe3 17. Nxe3 Bxc5 18. Nd4 Qd7 19. Nf3 Qe7 20. Qe2 Rfd8 21. Rfd1 Qf6 22. Rac1 Rxd1+ 23. Rxd1 Bxf3 24. Qxf3 Qxf3 25. gxf3 Kf8 26. Rd7 Ke8 27. Rc7 Bb6 28. Rb7 Rd8 29. Nc4 Bc5 30. Rc7 Rd5 31. Rc8+ Ke7 32. Rc7+ Kf6 33. Rb7 g5 34. Kg2 h5 35. Rb5 Kg6 36. a3 bxa3 37. bxa3 Kf6 38. b4 Bd4 39. Rb7 e5 40. a4 Ke6 41. b5 Rc5 42. Nd2 Rc2 43. Ne4 g4 44. fxg4 hxg4 45. Kg3 f5 46. Ng5+ Kd5 47. Rd7+ Kc4 48. Rc7+ Kd3 49. Rxc2 Kxc2 50. a5 Kd3 51. h3 gxh3 52. Nxh3 Kc4 53. b6 axb6 54. axb6 Bxb6 55. f3 Kd5 56. Kg2 Be3 57. Kf1 Kc4 58. Ke2 Kd4 59. Kf1 Kd3 60. Ke1 f4 61. Ng5 Bd4 62. Kf1 Ke3 63. Kg2 Ke2 64. Ne4 Ke3 65. Ng5 Bc5 66. Ne4 Be7 67. Nc3 Bh4 68. Ne4 Kd4 69. Nd2 Kd3 70. Ne4 Be7 71. Kf2 Kd4 72. Ke2 Bh4 73. Nd6 Kd5 74. Ne4 Be7 75. Nc3+ Ke6 76. Ne4 Kf5 77. Nd2 Bc5 78. Ne4 Bb4 79. Nf2 Bc3 80. Ne4 Bd4 81. Nd2 Kg5 82. Ne4+ Kh4 83. Nd6 Kh3 84. Ne4 Kg2 85. Ng5 Ba7 86. Ne4 Bd4 87. Ng5 Kg3 88. Ne4+ Kh4 89. Nd6 Kh5 90. Ne4 Kg6 91. Nd2 Be3 92. Ne4 Kf5 93. Nc3 Ke6 94. Ne4 Bd4 95. Ng5+ Kd5 96. Ne4 Kc4 97. Nf6 Kc5 98. Ne4+ Kd5 99. Ng5 Kc4 100. Ne4 Kd5 101. Nf6+ Ke6 102. Ne4 Kd5 1/2-1/2